000 00310nam a2200133 i 4500
001 bg
100 1 _aSALA, A.
245 0 _aTablice własności promiennych materiałów /
_cA. Sala.
260 _aRadom,
_c1981.
040 _cBPK
041 _apol
942 _cKS
008 s pl f |000 0 pol
999 _c21836
_d21836
856 _uhttp://koha.tu.koszalin.pl/cgi-bin/koha/opac-detail.pl?biblionumber=21836
_yKatalog online BPK